| 000 | 00514nam a2200181Ia 4500 | ||
|---|---|---|---|
| 999 |
_c1616 _d1616 |
||
| 003 | OSt | ||
| 005 | 20200923104609.0 | ||
| 008 | 190216s9999||||xx |||||||||||||| ||und|| | ||
| 020 | _a9780471955375 | ||
| 040 | _coclc | ||
| 082 |
_a581.61 _bCOT/E |
||
| 100 |
_aCotton, C M _94846 |
||
| 245 | 0 |
_aEthnobotany Principles And Applications / _cC M Cotton |
|
| 260 |
_bJohn Wiley & Sons, _aNew York: _c1996. |
||
| 300 | _a424p | ||
| 650 | _aBotany | ||
| 942 |
_cBK _2ddc _h581.61 _iCOT/E _k581.61 _mCOT/E |
||